[Event "ROM-chT2"]
[Site "Slanic Moldova"]
[Date "2017.10.01"]
[Round "2.5"]
[White "Hanga, Wylly"]
[Black "Culcear, Petru Gheorghe"]
[Result "1/2-1/2"]
[WhiteElo "1913"]
[BlackElo "2163"]
[PlyCount "80"]
[EventDate "2017.09.30"]
[EventType "team-tourn"]
[EventRounds "9"]
[EventCountry "ROU"]
[SourceTitle "CBM 181 Extra"]
[Source "ChessBase"]
[SourceDate "2017.12.12"]
[SourceVersion "1"]
[SourceVersionDate "2017.12.12"]
[SourceQuality "1"]
[WhiteTeam "Husi"]
[BlackTeam "Marmatiei Sighetu"]
[WhiteTeamCountry "ROU"]
[BlackTeamCountry "ROU"]

1. e4 c5 2. Nf3 e6 3. d3 Nc6 4. g3 g6 5. Bg2 Bg7 6. 0-0 Nge7 7. Nbd2 0-0 8. Re1 d6 9. Nf1 h6 10. Bd2 Kh7 11. Rb1 Rb8 12. a3 a5 13. Bc3 e5 14. Ne3 Be6 15. Nd2 b5 16. b3 Qd7 17. Nd5 f5 18. Qe2 Nd4 19. Bxd4 cxd4 20. Nxe7 Qxe7 21. f4 Rbc8 22. exf5 gxf5 23. Nf3 Bd5 24. Ng5+ hxg5 25. Qh5+ Bh6 26. Bxd5 gxf4 27. gxf4 Rc5 28. Bf3 Rxc2 29. Rbc1 Rc3 30. Kh1 Rxd3 31. Rg1 Rf6 32. Bd5 Rc3 33. Rce1 Rc8 34. Rg5 Qe8 35. Qh3 Rg6 36. Qxf5 Bxg5 37. Bf7 Qc6+ 38. Kg1 Rcg8 39. Bxg8+ Kh6 40. Qf8+ Kh5 1/2-1/2